| 000 | 00935nam a2200277 a 4500 | ||
|---|---|---|---|
| 001 | 000034948 | ||
| 005 | 20251017124518.0 | ||
| 008 | 111021s1963 sp a 000 0 spa d | ||
| 040 |
_aDO-SdBNP _bspa _cBNPHU |
||
| 082 |
_a294.543 _bD923y, 1963 |
||
| 100 | 1 |
_aDunne, Desmond, _d1913- _960530 |
|
| 240 | 1 | 0 |
_aYoga pour tous _lespañol |
| 245 | 1 | 0 |
_aYoga para todos / _cDesmond Dunne ; traducción A. Cazorla Olmo, prefacio Louis Donnet. |
| 250 | _aEd. rev., corr. y aum. | ||
| 260 |
_aBarcelona : _bToray, _c1963. |
||
| 300 |
_a199 p. : _bil. ; _c21 cm. |
||
| 500 | _aTraducido del francés. | ||
| 590 | _aPerteneció a la biblioteca personal de Juan Isidro Jimenes Grullón | ||
| 650 | 4 |
_aYoga _9685 |
|
| 650 | 4 |
_aYogoterapía _91935 |
|
| 650 | 4 |
_aRelajación _960531 |
|
| 650 | 0 |
_aSalud mental _9803 |
|
| 700 | 1 | 2 |
_aOlmo, A. Cazorla, _etr. _960532 |
| 700 | 1 | 2 |
_aDonnet, Louis _960533 |
| 910 | _aValidado. Control de calidad BNPHU | ||
| 999 |
_c34439 _d34439 |
||